Premier League teams 2000/2001 - Statistics

General Stats
  • This quiz has been taken 12 times
  • The average score is 18 of 20
Answer Stats
Position Points Team % Correct
2 70 Arsenal
100%
18 34 Manchester City
100%
1 80 Manchester United
100%
11 51 Newcastle United
100%
12 49 Tottenham Hotspur
100%
15 42 West Ham United
100%
8 54 Aston Villa
92%
6 61 Chelsea
92%
17 42 Derby County
92%
4 68 Leeds United
92%
13 48 Leicester City
92%
10 52 Southampton
92%
7 57 Sunderland
92%
20 26 Bradford City
83%
9 52 Charlton Athletic
83%
16 42 Everton
83%
3 69 Liverpool
83%
14 42 Middlesbrough
83%
19 34 Coventry City
75%
5 66 Ipswich Town
67%
No matching quizzes found
Score Distribution
Percent of People with Each Score
Percentile by Number Answered
Your Score History
You have not taken this quiz